Makroekonomická analýza

Guardado en:
Detalles Bibliográficos
Autor principal: Spěváček, Vojtěch
Otros Autores: Rojíček, Marek, Vintrová, Růžena, Zamrazilová, Eva, Žďárek, Václav
Formato: Libro
Lenguaje:checo
Publicado: Praha Linde Praha 2012
Materias:
Etiquetas: Agregar Etiqueta
Sin Etiquetas, Sea el primero en etiquetar este registro!

MARC

LEADER 00000nam a2200000 4500
001 0182942
005 20240313090005.4
020 |a 978-80-86131-92-4 
041 0 |a cze 
044 |a CZ 
245 1 0 |a Makroekonomická analýza  |c Vojtěch Spěváček ... [et al.] 
264 1 |a Praha  |b Linde Praha  |c 2012 
300 |a xxxii, 608 s. 
610 2 0 |a účtovníctvo národné 
610 2 0 |a analýza ekonomická 
610 2 0 |a makroekonomika 
610 2 0 |a ponuka 
610 2 0 |a dopyt 
610 2 0 |a rovnováha hospodárska 
610 2 0 |a financie verejné 
610 2 0 |a inflácia 
610 2 0 |a politika menová 
610 2 0 |a vzťahy hospodárske medzinárodné 
610 2 0 |a obchod zahraničný 
610 2 0 |a bilancia platobná 
610 2 0 |a zadlženosť zahraničná 
610 2 0 |a trh práce 
100 1 |a Spěváček, Vojtěch 
700 1 |a Rojíček, Marek 
700 1 |a Vintrová, Růžena 
700 1 |a Zamrazilová, Eva 
700 1 |a Žďárek, Václav